[Event "Madrid-ch Previa-A"]
[Site "Madrid"]
[Date "2020.02.10"]
[Round "4"]
[White "Marcos Herrero, Francisco"]
[Black "Hernandez Garcia, Carlos"]
[Result "0-1"]
[WhiteElo "1883"]
[BlackElo "1679"]
[PlyCount "70"]
[EventDate "2020.02.03"]
[EventType "swiss"]
[EventRounds "9"]
[EventCountry "ESP"]
[SourceTitle "EXT 2021"]
[Source "ChessBase"]
[SourceDate "2020.10.23"]
[SourceVersion "1"]
[SourceVersionDate "2020.10.23"]
[SourceQuality "1"]

1. Nf3 d5 2. d4 e6 3. g3 Nf6 4. Bg2 Be7 5. 0-0 0-0 6. c4 c6 7. Qc2 Nbd7 8. Nbd2 b6 9. e4 Bb7 10. e5 Ne8 11. cxd5 cxd5 12. Re1 Rc8 13. Qa4 a6 14. Nf1 b5 15. Qd1 Nb6 16. h4 h5 17. Bg5 g6 18. Qd3 Ng7 19. Bh3 Bxg5 20. Nxg5 Qe7 21. Ne3 Nc4 22. Rab1 Nxe3 23. Rxe3 Rc6 24. g4 hxg4 25. Bxg4 b4 26. Rh3 a5 27. f4 Ba6 28. Qf3 f6 29. Nxe6 Nxe6 30. Qxd5 Bb7 31. Bxe6+ Qxe6 32. Qg2 Rc1+ 33. Rxc1 Bxg2 34. Kxg2 fxe5 35. Re1 e4 0-1

[Event "Madrid-ch Seniors 50"]
[Site "Madrid"]
[Date "2019.01.10"]
[Round "4"]
[White "Hernandez Garcia, Carlos"]
[Black "Lopez Guitian, Juan J"]
[Result "1-0"]
[WhiteElo "1733"]
[BlackElo "1577"]
[PlyCount "91"]
[EventDate "2019.01.07"]
[EventType "swiss"]
[EventRounds "9"]
[EventCountry "ESP"]
[SourceTitle "CBM 188 Extra"]
[Source "ChessBase"]
[SourceDate "2019.02.26"]
[SourceVersion "1"]
[SourceVersionDate "2019.02.26"]
[SourceQuality "1"]

1. e4 c6 2. d4 d5 3. Nc3 dxe4 4. Nxe4 Nd7 5. c4 Ngf6 6. Bd3 Nxe4 7. Bxe4 Nf6 8. Bc2 Bg4 9. f3 Bh5 10. Ne2 e6 11. 0-0 Bg6 12. Bg5 Be7 13. a3 Qc7 14. Rc1 0-0-0 15. Bf4 Bd6 16. Bxd6 Qxd6 17. b4 Kb8 18. Ba4 Rc8 19. Qd2 Rhd8 20. Rfd1 e5 21. Qb2 e4 22. f4 Bh5 23. c5 Qc7 24. g3 Bf3 25. b5 Ka8 26. b6 Qd7 27. bxa7 Qh3 28. Nc3 Bxd1 29. Rxd1 Nd5 30. Nxe4 Ne3 31. Rb1 Rc7 32. Bxc6 Qg2+ 33. Qxg2 Nxg2 34. Bxb7+ Rxb7 35. Rxb7 Kxb7 36. Nd6+ Kxa7 37. Kxg2 f6 38. Kf3 Kb8 39. Ke4 Kc7 40. Kd5 g6 41. Ke6 f5 42. d5 Rb8 43. Ke7 Rb2 44. Nf7 Re2+ 45. Ne5 Rb2 46. d6+ 1-0

[Event "Madrid Chamartin op 7th"]
[Site "Madrid"]
[Date "2018.09.04"]
[Round "3"]
[White "Ruiz Bellon, Manuel"]
[Black "Hernandez Garcia, Carlos"]
[Result "1-0"]
[WhiteElo "1922"]
[BlackElo "1739"]
[PlyCount "65"]
[EventDate "2018.09.03"]
[EventType "swiss"]
[EventRounds "9"]
[EventCountry "ESP"]
[SourceTitle "CBM 187 Extra"]
[Source "ChessBase"]
[SourceDate "2018.11.04"]
[SourceVersion "1"]
[SourceVersionDate "2018.11.04"]
[SourceQuality "1"]

1. Nf3 Nf6 2. g3 d5 3. Bg2 Nbd7 4. c4 e5 5. cxd5 Nxd5 6. Nc3 Nxc3 7. dxc3 Bd6 8. 0-0 0-0 9. Bg5 Qe8 10. e4 Nc5 11. Qc2 f5 12. exf5 Bxf5 13. Qc1 Bg4 14. Nh4 e4 15. f3 Nd3 16. Qd2 Bc5+ 17. Be3 exf3 18. Bxc5 Nxc5 19. Nxf3 Rd8 20. Qg5 Bf5 21. Nd4 h6 22. Qf4 Nd3 23. Qd2 Bg6 24. Rxf8+ Kxf8 25. Bxb7 c5 26. Rf1+ Kg8 27. Nf5 Qd7 28. Be4 c4 29. Nxh6+ gxh6 30. Bxg6 Qg7 31. Bf7+ Kh7 32. Bxc4 Qd7 33. Rf7+ 1-0

[Event "Madrid-ch Previa-A"]
[Site "Madrid"]
[Date "2018.02.12"]
[Round "4"]
[White "Caravantes Camacho, Fernando"]
[Black "Hernandez Garcia, Carlos"]
[Result "0-1"]
[WhiteElo "1551"]
[BlackElo "1769"]
[PlyCount "58"]
[EventDate "2018.02.05"]
[EventType "swiss"]
[EventRounds "9"]
[EventCountry "ESP"]
[SourceTitle "EXT 2020"]
[Source "ChessBase"]
[SourceDate "2019.10.17"]
[SourceVersion "1"]
[SourceVersionDate "2019.10.17"]
[SourceQuality "1"]

1. e4 c5 2. Nf3 d6 3. d4 cxd4 4. Nxd4 Nf6 5. Nc3 a6 6. Be3 e6 7. f3 Be7 8. Qd2 Qc7 9. g4 Nc6 10. g5 Nd7 11. Be2 b5 12. f4 b4 13. Na4 0-0 14. Bf3 Nxd4 15. Bxd4 Qa5 16. b3 e5 17. Bb2 exf4 18. Qxf4 Bb7 19. h4 Rac8 20. Bg4 Bc6 21. Bxd7 Bxd7 22. Qd2 Rfe8 23. a3 d5 24. Qd4 bxa3+ 25. Bc3 Rxc3 26. Qxc3 Bb4 27. Qxb4 Qxb4+ 28. Kf2 Rxe4 29. c3 Rf4+ 0-1

[Event "Madrid-ch Seniors 50"]
[Site "Madrid"]
[Date "2018.01.17"]
[Round "8"]
[White "Serrano Garcia, Vicente"]
[Black "Hernandez Garcia, Carlos"]
[Result "0-1"]
[WhiteElo "1817"]
[BlackElo "1727"]
[PlyCount "66"]
[EventDate "2018.01.08"]
[EventType "swiss"]
[EventRounds "9"]
[EventCountry "ESP"]
[SourceTitle "CBM 182 Extra"]
[Source "ChessBase"]
[SourceDate "2018.02.23"]
[SourceVersion "1"]
[SourceVersionDate "2018.02.23"]
[SourceQuality "1"]

1. d4 Nf6 2. Nf3 g6 3. Bf4 Bg7 4. e3 0-0 5. h3 c5 6. c4 Re8 7. Nc3 cxd4 8. exd4 d6 9. Be2 Nbd7 10. Rc1 b6 11. 0-0 Bb7 12. b4 e5 13. dxe5 dxe5 14. Bg5 e4 15. Nd2 Qe7 16. a3 Rad8 17. Qc2 Qe5 18. Be3 Nf8 19. Rfd1 Ne6 20. Nb3 Nf4 21. Bf1 N6h5 22. Bd4 Rxd4 23. Nxd4 Qg5 24. Nd5 Nxh3+ 25. Kh1 N3f4 26. Ne3 Nd3 27. Nf3 Nxf2+ 28. Qxf2 exf3 29. Nd5 Ng3+ 30. Kg1 Qh4 31. Qxf3 Qh1+ 32. Kf2 Ne4+ 33. Ke3 Ng5+ 0-1

[Event "Madrid-ch Seniors 50"]
[Site "Madrid"]
[Date "2017.01.10"]
[Round "2"]
[White "Beekhof Harmsen, Willen"]
[Black "Hernandez Garcia, Carlos"]
[Result "1-0"]
[WhiteElo "1555"]
[BlackElo "1735"]
[PlyCount "93"]
[EventDate "2017.01.09"]
[EventType "swiss"]
[EventRounds "9"]
[EventCountry "ESP"]
[SourceTitle "CBM 176 Extra"]
[Source "ChessBase"]
[SourceDate "2017.03.02"]
[SourceVersion "1"]
[SourceVersionDate "2017.03.02"]
[SourceQuality "1"]

1. Nf3 Nf6 2. g3 d5 3. d4 e6 4. c4 dxc4 5. Qa4+ c6 6. Qxc4 b5 7. Qc2 Bb4+ 8. Bd2 Bxd2+ 9. Nbxd2 0-0 10. Bg2 Bb7 11. 0-0 Nbd7 12. Nb3 Rc8 13. Rfd1 Qe7 14. a3 c5 15. Na5 cxd4 16. Qd3 Bxf3 17. Bxf3 e5 18. Nc6 Qe6 19. Nxa7 e4 20. Bxe4 Nxe4 21. Nxc8 Rxc8 22. Qxd4 Nef6 23. e3 Rc4 24. Qd2 h5 25. b3 Rc7 26. b4 h4 27. Qd6 Qc4 28. Qf4 h3 29. Qxc4 Rxc4 30. Rac1 Ne5 31. Rxc4 Nxc4 32. Rd3 Ne4 33. f3 Ned2 34. Rd5 Nxf3+ 35. Kf2 Nxh2 36. Rh5 Ng4+ 37. Kf3 Nce5+ 38. Kf4 h2 39. Rh3 g6 40. Rxh2 Nxh2 41. Kxe5 Nf1 42. Kd4 Nd2 43. Kc5 Nc4 44. a4 Kf8 45. a5 Ke7 46. a6 Kd7 47. a7 1-0

[Event "Madrid-ch Seniors 50"]
[Site "Madrid"]
[Date "2017.01.09"]
[Round "1"]
[White "Hernandez Garcia, Carlos"]
[Black "Nunez Munoz, Jesus"]
[Result "0-1"]
[WhiteElo "1735"]
[BlackElo "2186"]
[PlyCount "104"]
[EventDate "2017.01.09"]
[EventType "swiss"]
[EventRounds "9"]
[EventCountry "ESP"]
[SourceTitle "CBM 176 Extra"]
[Source "ChessBase"]
[SourceDate "2017.03.02"]
[SourceVersion "1"]
[SourceVersionDate "2017.03.02"]
[SourceQuality "1"]

1. e4 c6 2. d4 d5 3. exd5 cxd5 4. Nf3 Bf5 5. Bb5+ Nc6 6. Ne5 Bd7 7. Nxd7 Qxd7 8. c4 e6 9. 0-0 Nf6 10. Nc3 Be7 11. Bg5 0-0 12. Re1 h6 13. Bxf6 Bxf6 14. Qg4 Rfd8 15. c5 Qc7 16. Rad1 Rac8 17. Re3 Nxd4 18. Rxd4 Qxc5 19. Red3 a6 20. Ba4 b5 21. Bb3 Bxd4 22. Qxd4 b4 23. Qxc5 Rxc5 24. Ne2 a5 25. Kf1 Ra8 26. Ba4 Rac8 27. Ke1 g5 28. Kd1 Kg7 29. Rd2 h5 30. Rc2 e5 31. Rxc5 Rxc5 32. Kd2 h4 33. h3 f5 34. Kd3 Kf6 35. Bb3 Ke6 36. Kd2 Rc8 37. Nc1 Kd6 38. Bc2 e4 39. Nb3 Ra8 40. Nd4 Rf8 41. Ba4 f4 42. f3 Rc8 43. Bc2 Ke5 44. Ne2 Ra8 45. Ba4 Rc8 46. Bc2 Rf8 47. Ba4 Rf7 48. Bb3 Rf6 49. Bc2 Rf8 50. Bb3 g4 51. hxg4 exf3 52. gxf3 h3 0-1

[Event "Madrid-ch sf"]
[Site "Madrid"]
[Date "2016.02.16"]
[Round "5"]
[White "Martinez Carrasco, Jesus"]
[Black "Hernandez Garcia, Carlos"]
[Result "0-1"]
[WhiteElo "1624"]
[BlackElo "1737"]
[PlyCount "116"]
[EventDate "2016.02.08"]
[EventType "swiss"]
[EventRounds "9"]
[EventCountry "ESP"]
[SourceTitle "CBM 171 Extra"]
[Source "ChessBase"]
[SourceDate "2016.04.26"]
[SourceVersion "1"]
[SourceVersionDate "2016.04.26"]
[SourceQuality "1"]

1. d4 Nf6 2. c4 g6 3. Nc3 Bg7 4. e4 d6 5. Nf3 Nc6 6. Be2 0-0 7. 0-0 e5 8. dxe5 Nxe5 9. Nxe5 dxe5 10. Bg5 Qxd1 11. Raxd1 Be6 12. Rd2 c6 13. Rfd1 h6 14. Be3 Rfe8 15. f3 Nh5 16. g3 Bf8 17. a3 b6 18. Na4 Kh7 19. b4 Rab8 20. Nc3 Be7 21. Kg2 Red8 22. Rxd8 Rxd8 23. Rxd8 Bxd8 24. c5 b5 25. a4 a6 26. axb5 axb5 27. Bd3 Nf6 28. f4 exf4 29. gxf4 Bd7 30. Kg3 Ne8 31. e5 Nc7 32. Bd2 Kg7 33. Be4 f6 34. exf6+ Bxf6 35. Kf3 Kf7 36. Ke3 g5 37. fxg5 Bxg5+ 38. Kd3 Bxd2 39. Kxd2 Na6 40. Na2 Be6 41. Bxc6 Bxa2 42. Bxb5 Nxb4 43. Kc3 Nd5+ 44. Kd4 Nc7 45. Be2 Bd5 46. Ke5 Ke7 47. Kf5 Bf7 48. Ke5 Bg6 49. c6 Be8 50. Bf3 Ne6 51. Kd5 Bxc6+ 52. Kxc6 Nd4+ 53. Kd5 Nxf3 54. h3 Kf6 55. Kd6 Kg5 56. Ke6 Kh4 57. Kf5 Ng1 58. Kf4 Kxh3 0-1

[Event "Madrid-ch sf"]
[Site "Madrid"]
[Date "2016.02.15"]
[Round "4"]
[White "Hernandez Garcia, Carlos"]
[Black "Corral Aragon, Juan Maria"]
[Result "0-1"]
[WhiteElo "1737"]
[BlackElo "1841"]
[PlyCount "86"]
[EventDate "2016.02.08"]
[EventType "swiss"]
[EventRounds "9"]
[EventCountry "ESP"]
[SourceTitle "CBM 171 Extra"]
[Source "ChessBase"]
[SourceDate "2016.04.26"]
[SourceVersion "1"]
[SourceVersionDate "2016.04.26"]
[SourceQuality "1"]

1. e4 c6 2. d4 d5 3. Nc3 dxe4 4. Nxe4 Bf5 5. Ng3 Bg6 6. Nf3 Nd7 7. h4 h6 8. Bc4 e6 9. h5 Bh7 10. Bb3 Bd6 11. c4 Bxg3 12. fxg3 Ngf6 13. Bf4 0-0 14. Ne5 Nxe5 15. Bxe5 Qa5+ 16. Qd2 Qxd2+ 17. Kxd2 Ne4+ 18. Ke3 c5 19. dxc5 Nxc5 20. Bd1 Rfd8 21. Be2 f6 22. Bc3 Ne4 23. Ba5 Rd7 24. Rhd1 Rxd1 25. Rxd1 Nxg3 26. Bf3 Nf5+ 27. Kf2 Re8 28. Bxb7 Rb8 29. Rd8+ Rxd8 30. Bxd8 Nd6 31. Ba6 Bd3 32. b3 Kf7 33. Bc7 Ne4+ 34. Ke3 Bb1 35. b4 Ke7 36. c5 Nc3 37. a3 Nd5+ 38. Kd4 Nxc7 39. Bc4 e5+ 40. Ke3 f5 41. b5 Be4 42. b6 axb6 43. cxb6 Nd5+ 0-1

[Event "Madrid-ch"]
[Site "Madrid"]
[Date "2015.02.02"]
[Round "1"]
[White "Hernandez Garcia, Carlos"]
[Black "Jaumandreu Llopis, Antonio"]
[Result "1-0"]
[WhiteElo "1838"]
[BlackElo "1566"]
[PlyCount "85"]
[EventDate "2015.02.02"]
[EventType "swiss"]
[EventRounds "9"]
[EventCountry "ESP"]
[SourceTitle "CBM 164 Extra"]
[Source "ChessBase"]
[SourceDate "2015.03.02"]
[SourceVersion "1"]
[SourceVersionDate "2015.03.02"]
[SourceQuality "1"]

1. e4 c5 2. Nf3 Nc6 3. d4 cxd4 4. Nxd4 Nf6 5. Nc3 e5 6. Nb3 Bb4 7. Bd3 d5 8. exd5 Nxd5 9. Bd2 Nxc3 10. bxc3 Bd6 11. Qh5 g6 12. Qe2 Qh4 13. 0-0 0-0 14. Qe4 Qxe4 15. Bxe4 Be6 16. a4 Rac8 17. a5 f5 18. Bf3 e4 19. Be2 Be5 20. a6 b6 21. Bb5 Rfd8 22. Rad1 Kg7 23. Bxc6 Rxd2 24. Rxd2 Rxc6 25. Nd4 Bxd4 26. cxd4 Bc4 27. Ra1 Rd6 28. Ra3 g5 29. f3 exf3 30. gxf3 b5 31. c3 h5 32. Kf2 Kf6 33. Rd1 g4 34. fxg4 hxg4 35. Raa1 f4 36. Re1 b4 37. cxb4 Rxd4 38. Rad1 g3+ 39. hxg3 fxg3+ 40. Kxg3 Rd3+ 41. Rxd3 Bxd3 42. Rd1 Be2 43. Rd7 1-0

[Event "Madrid-ch sf-A"]
[Site "Madrid"]
[Date "2014.03.24"]
[Round "7"]
[White "Hernandez Garcia, Carlos"]
[Black "Martin Consuegra, Barrilero Javier"]
[Result "0-1"]
[WhiteElo "1814"]
[BlackElo "1853"]
[PlyCount "106"]
[EventDate "2014.03.10"]
[EventType "swiss"]
[EventRounds "9"]
[EventCountry "ESP"]
[SourceTitle "EXT 2015"]
[Source "ChessBase"]
[SourceDate "2014.11.20"]
[SourceVersion "1"]
[SourceVersionDate "2014.11.20"]
[SourceQuality "1"]

1. e4 d6 2. d4 Nf6 3. Nc3 e5 4. dxe5 dxe5 5. Qxd8+ Kxd8 6. Bg5 Be6 7. 0-0-0+ Kc8 8. Nf3 Nbd7 9. Bb5 c6 10. Bd3 Bc5 11. Rhf1 h6 12. Bh4 Kc7 13. Na4 Bd6 14. Kb1 b5 15. Nc3 Nb6 16. Bxb5 Nfd7 17. Be2 g5 18. Bg3 f6 19. Nd2 a5 20. a3 Rhb8 21. Ka1 Nc5 22. h3 Bg8 23. f3 Rd8 24. Bf2 Be7 25. h4 Be6 26. Rfe1 Rab8 27. hxg5 hxg5 28. Rh1 Rh8 29. Bxc5 Bxc5 30. Nb3 Bxb3 31. cxb3 Bd4 32. Ka2 Rbd8 33. Rxh8 Rxh8 34. Kb1 Rh2 35. Bf1 Nc8 36. Kc2 Ne7 37. Ne2 Bf2 38. Kd3 Rh8 39. Kc4 Ng6 40. Nc1 Nf4 41. Nd3 Ba7 42. b4 axb4 43. Nxb4 Rh1 44. Be2 Rh2 45. Bf1 Nxg2 46. Bxg2 Rxg2 47. b3 g4 48. fxg4 Rxg4 49. Kd3 Bd4 50. Nc2 Rg3+ 51. Kc4 Rc3+ 52. Kb4 Rxc2 53. a4 Kb6 0-1

[Event "Madrid-ch sf-A"]
[Site "Madrid"]
[Date "2014.03.17"]
[Round "4"]
[White "Camacho Casado, Demetrio"]
[Black "Hernandez Garcia, Carlos"]
[Result "1-0"]
[WhiteElo "1956"]
[BlackElo "1814"]
[PlyCount "111"]
[EventDate "2014.03.10"]
[EventType "swiss"]
[EventRounds "9"]
[EventCountry "ESP"]
[SourceTitle "EXT 2015"]
[Source "ChessBase"]
[SourceDate "2014.11.20"]
[SourceVersion "1"]
[SourceVersionDate "2014.11.20"]
[SourceQuality "1"]

1. d4 Nf6 2. Nf3 e6 3. Bf4 d5 4. Nbd2 c5 5. e3 Nc6 6. c3 cxd4 7. exd4 a6 8. Bd3 h6 9. Qe2 Be7 10. Bc2 b5 11. 0-0 0-0 12. Qd3 b4 13. Ne5 Bb7 14. Ng4 Re8 15. Rfe1 a5 16. Nxh6+ gxh6 17. Qg3+ Kh8 18. Bxh6 Rg8 19. Qh3 Rg7 20. Bxg7+ Kxg7 21. Re3 Bd6 22. Qh4 Qh8 23. Qg5+ Kf8 24. Rh3 Qg7 25. Qh4 Ke7 26. f4 Qg4 27. Qxg4 Nxg4 28. Rf3 Rh8 29. h3 Nf6 30. Re1 Nh5 31. f5 e5 32. dxe5 Nxe5 33. Nb3 Ra8 34. Nd4 Kf6 35. Rfe3 Nc4 36. Re8 Rxe8 37. Rxe8 Nxb2 38. g4 Nf4 39. h4 Kg7 40. g5 f6 41. Rd8 bxc3 42. Rd7+ Kf8 43. Rxd6 fxg5 44. hxg5 Nh3+ 45. Kg2 Nxg5 46. Rb6 Ke7 47. Rxb7+ Kf6 48. Rb3 Ke5 49. Nc6+ Kd6 50. Nd4 Ke5 51. Nf3+ Nxf3 52. Kxf3 d4 53. Ke2 Nc4 54. Rb5+ Kf6 55. Kd3 Nd6 56. Rxa5 1-0

[Event "Madrid-ch sf-A"]
[Site "Madrid"]
[Date "2014.03.11"]
[Round "2"]
[White "Hernandez Garcia, Carlos"]
[Black "Lopez Heras, Arturo"]
[Result "0-1"]
[WhiteElo "1814"]
[BlackElo "1956"]
[PlyCount "86"]
[EventDate "2014.03.10"]
[EventType "swiss"]
[EventRounds "9"]
[EventCountry "ESP"]
[SourceTitle "EXT 2015"]
[Source "ChessBase"]
[SourceDate "2014.11.20"]
[SourceVersion "1"]
[SourceVersionDate "2014.11.20"]
[SourceQuality "1"]

1. e4 e5 2. Nf3 Nc6 3. Bb5 f5 4. Bxc6 dxc6 5. exf5 Bxf5 6. Nxe5 Nf6 7. c3 Qd5 8. Qe2 0-0-0 9. 0-0 Be4 10. f3 Qxe5 11. fxe4 Bd6 12. g3 Nxe4 13. d3 Nf6 14. Qxe5 Bxe5 15. d4 Bd6 16. Bg5 Rdf8 17. Bxf6 Rxf6 18. Rxf6 gxf6 19. Nd2 Re8 20. Kf1 Kd7 21. Nf3 c5 22. dxc5 Bxc5 23. Rd1+ Bd6 24. Nd4 Re5 25. c4 a6 26. b4 c5 27. Nb3 Kc6 28. Na5+ Kc7 29. Nxb7 Kxb7 30. Rxd6 cxb4 31. Rd7+ Kc6 32. Rxh7 Ra5 33. Ke2 Rxa2+ 34. Kd3 Ra3+ 35. Kc2 a5 36. Rh4 Rf3 37. Kb2 a4 38. Rh5 Rf2+ 39. Kb1 f5 40. h4 a3 41. Rg5 b3 42. Rg6+ Kc5 43. Ra6 Rf1# 0-1